000 00938 a2200265 4500
999 _c11370
_d11370
020 _a9781438488288
050 0 0 _aPS 509
_bMOR 2021
245 0 0 _aThis bridge called my back :
_bwritings by radical women of color /
_cedited by Cherrie Moraga and Gloria Anzaldua
250 _a40th
264 1 _aAlbany :
_bState University of New York (SUNY) Press,
_c2021
300 _axlvii, 286 pages ;
336 _atext
_2rdacontent
_btxt
337 _aunmediated
_2rdamedia
_bn
338 _avolume
_2rdacarrier
_bnc
504 _aIncludes bibliographical references.
650 0 _aFeminism
650 0 _aWomen
650 0 _aAmerican literature
_xMinority authors.
650 0 _aMinority women
650 0 _aAmerican literature
_xWomen authors.
650 0 _aRadicalism
700 1 _aAnzaldua,Gloria
_eeditor.
942 _2lcc
_cBK
_e40th
_h509
_iMOR
_kPS